000 01645nam a2200349 c 4500
003 BLK
005 20200208123402.0
008 180409b bul|||||r ||||||| ||bul||
010 _aKNG00121238000
040 _aBLK
041 _aBUL
_cBUL
080 _aКиноизкуство. Кинофилми
_b791.43
_x(497.2)
_z791.43(497.2)
700 1 _aКърджилов, Петър
_eсъстав. на том
_9364626
139 _aБългарски игрални филми
_bБ 92
245 1 0 _aБългарски игрални филми
_bАнотирана илюстрована филмография : Т. 1 -
_cсъстав. на том Петър Кърджилов.
_nТ. 1
_p1915-1948
257 _aBGR
260 София
_bД-р Петър Берон
_c1987 -
300 _c29 см
380 _a7
500 _aИзд. на Бълг. нац. филмотека. - Азб. показалци.
650 4 _aКино - България
_9314314
650 4 _aФилми, български
_9271080
653 _aкино
653 _aБългария
653 _aфилмография
760 1 _d1987
_h248 с. : с ил., портр., факс.
_nАвт. не е отбелязан на кор. - Парал. текст на англ. - Прев. Любомир Босилков.- Библиогр. след отд. сценарии. - Показалци.
_tТ. 1 1915-1948
852 _aЦб ІІ 7105
856 4 _qpdf
_u
856 4 _qpdf
_u
942 _cKNG
_n0
_01
944 _aCR
_c08.02.2011
_lдобави в АБ / 07.02.2011
_kИрена_Линкова
944 _aED
_c05.01.2016
_lдобави в АБ / 07.02.2011
_kКамелия_Данева
999 _c115743
_d115743